000 00670cam a2200217u 4500
001 8953992
003 ARRUPE
005 20130925164737.0
008 821204s1967 enk 000 0 eng
010 _a 67101966
040 _aDLC
_cCarP
_dDLC
050 0 0 _aBX2045
_b.H7.J76 1976
100 1 _aJones, Cheslyn Peter Montague.
_91276
245 1 2 _aA manual for Holy Week,
260 _aLondon,
_bS. P. C. K.,
_c1967.
300 _ax, 209 p.
_c23 cm.
650 0 _aHoly Week.
_xLiturgy
_91277
710 2 _aSociety for Promoting Christian Knowledge, London. [from old catalog]
_91278
906 _a0
_bcbc
_cpremver
_du
_encip
_f19
_gy-gencatlg
942 _2lcc
_cMONOGRAPH
999 _c118048
_d118048